Nursing Foundations - I (Record no. 1773)

MARC details
000 -LEADER
Fixed length control field 00593nam a2200217 4500
003 - CONTROL NUMBER IDENTIFIER
Control field IIN
005 - DATE AND TIME OF LATEST TRANSACTION
Control field 20250429130228.0
008 - FIXED-LENGTH DATA ELEMENTS--GENERAL INFORMATION
Fixed length control field 250429s |||ad||| |||| 001 0 eng d
020 ## - INTERNATIONAL STANDARD BOOK NUMBER / ISBN
International Standard Book Number 9789386896889
Price Rs.470.00
040 ## - CATALOGING SOURCE
Original cataloging agency IIN
082 ## - DEWEY DECIMAL CLASSIFICATION NUMBER
Classification number 610.73
Book Number FRA
100 ## - MAIN ENTRY--PERSONAL NAME
Personal name Francis, Celestina
245 ## - TITLE STATEMENT
Title Nursing Foundations - I
Sub title foe BSc. Nursing Students/
Statement of responsibility Celestina Francis and Kritika Misra
250 ## - EDITION STATEMENT
Edition statement 2nd ed.
260 ## - IMPRINT
Place of publication Punjab
Name of publisher Lotus
Date of publication 2024
300 ## - PHYSICAL DESCRIPTION
Page / Vol. No 448 p.
Other physical details col. ill.
500 ## - GENERAL NOTE
General note Includes Index
650 ## - SUBJECT ADDED ENTRY--TOPICAL TERM
Topical term Nursing
Form subdivision Foundation
700 ## - ADDED ENTRY--PERSONAL NAME
Personal name Misra, Kritika
942 ## - ADDED ENTRY ELEMENTS (KOHA)
Koha item type Books
Holdings
Withdrawn status Lost status Source of classification Damaged status Not for loan Collection code Home library Current library Shelving location Date acquired Price Total Checkouts Call number Accession number Date last seen Price effective from Koha item type
    Dewey Decimal Classification     Purches Book IDEAL INSTITUTE OF NURSING IDEAL INSTITUTE OF NURSING General Stacks 11/03/2025 470.00   610.73 FRA 1938 29/04/2025 29/04/2025 Books
© Ideal Institute Of Nursing, All rights reserved.         Powered by Koha